| 000 | 00562nam a2200181 a 4500 | ||
|---|---|---|---|
| 001 | 5768 | ||
| 003 | CO-ViMGA | ||
| 008 | 141112s2004 ck r 000 u spa d | ||
| 040 |
_aCO-ViMGA _bspa _cCO-ViMGA |
||
| 082 | 0 | 4 | _a986.1076 C656p |
| 245 | 1 | 0 |
_aColombia hoy : _bperspectivas hacia el siglo XXI / _cMelo Jorge Orlando y otros |
| 260 |
_aSantafé de Bogotá : _bTercer mundo, _c1995 |
||
| 300 | _a556 p | ||
| 650 | 1 | 4 |
_aCOLOMBIA - HISTORIA CONTEMPORANEA _95114 |
| 650 | 1 | 4 |
_aEconomía COLOMBIANA _952813 |
| 650 | 1 | 4 |
_aMelo, Jorge Orlando _94264 |
| 942 |
_2ddc _cBK |
||
| 999 |
_c17747 _d17747 |
||